VII. beş yıllık kalkınma planı stratejisi (Record no. 5773)
[ view plain ]
| 000 -BAŞLIK | |
|---|---|
| Sabit Uzunlukta Kontrol Alanı | 00894na a2200253 4500 |
| 001 - KONTROL NUMARASI | |
| Denetim Alanı | 17951 |
| 003 - KONTROL NUMARASI IDENTIFIER | |
| Denetim Alanı | MIRAKIL |
| 005 - SON İŞLEM TARİHİ VE ZAMANI | |
| Denetim Alanı | 20181213155046.0 |
| 008 - SABİT-BOY VERİ ELEMANLARI - GENEL BİLGİLER | |
| Sabit Uzunlukta Kontrol Alanı | 161129b tu 000 0 |
| 040 ## - KATALOGLAMA KAYNAK | |
| Orijinal Kataloglama Ajansı | Milas |
| Kataloglama Dili | tur |
| Metne Dönüştürmek Ajansı | TR-AnCHP |
| 041 ## - DİL KODU | |
| Metin / Ses Parça Veya Ayrı Başlığın Dil Kodu | tur |
| 082 ## - DEWEY ONLU SINIFLANDIRMA NUMARASI | |
| Sınıflandırma Numarası | 338.9 |
| Ürün Numarası | B37y 1995 |
| 090 ## - SINIFLAMA NUMARASI | |
| Sınıflama Numarası | 338.9 B37y 1995 |
| 111 ## - ANA GİRİŞ - TOPLANTI ADI | |
| Giriş Elemanı Olarak Toplantı Adı Veya Yargı Alanı Adı | Beş Yıllık Kalkınma Planı |
| Toplantı Veya Antlaşma İmzalandığı Tarihi | 1996-2000 |
| Bölüm / Bölüm / Toplantı Sayısı | 7. |
| 245 ## - BAŞLIK TABLOSU | |
| Başlık | VII. beş yıllık kalkınma planı stratejisi |
| Başlığın Kalan | (1996-2000) |
| Sorumluluk Tablosu, Vb | Devlet Planlama Teşkilatı Müsteşarlığı |
| 260 ## - YAYIN, DAĞITIM, VB | |
| Yayın, Dağıtım, Vb Yeri | Ankara |
| Yayıncı, Dağıtıcı, Vs Adı | Devlet Planlama Teşkilatı |
| Yayın, Dağıtım, Vb Tarihi | 1995 |
| 300 ## - FİZİKSEL TANIM | |
| Kapsam | 53 s. |
| Boyutlar | 27 sm. |
| 500 ## - GENEL NOT | |
| Genel Not | Yedinci beş yıllık kalkınma planı |
| 610 ## - KONU KATMA GİRİŞ - TOPLANTI ADI | |
| Giriş Elemanı Olarak Kurumsal Ad Veya Yargı Alanı Adı | Devlet Planlama Teşkilatı (DPT) |
| 650 ## - KONU KATMA GİRİŞ - TOPİKAL DÖNEM | |
| Topikal Süreli Veya Coğrafi Ad Giriş Elemanı | Beş yıllık kalkınma planları |
| Genel Alt Bölümü | Stratejiler |
| Kronolojik Alt Bölümü | Türkiye |
| 650 ## - KONU KATMA GİRİŞ - TOPİKAL DÖNEM | |
| Topikal Süreli Veya Coğrafi Ad Giriş Elemanı | Ekonomi |
| Genel Alt Bölümü | Büyüme ve gelişme |
| Kronolojik Alt Bölümü | Kalkınma planı, 1995 |
| 710 ## - KATMA GİRİŞ - KURUMSAL ADI | |
| Giriş Elemanı Olarak Kurumsal Ad Veya Yargı Alanı Adı | Devlet Planlama Teşkilatı (DPT) |
| 942 ## - EKLENDİ GİRİŞ ELEMANLARI (KOHA) | |
| Sınıflandırma Veya Raf Düzeni Kaynak | Dewey Decimal Classification |
| Koha Öğesi Türü | Books |
| 999 ## - SİSTEM KONTROL NUMARALARI (KOHA) | |
| Koha Biblionumber | 5773 |
| Koha Biblioitemnumber | 5773 |
| Kalıcı Konum | Mevcut Konum | Edinme Tarihi | Edinim Kaynak | Toplam Check-Out'Lar | Tam Çağrı Numarası | Barkod | Tarih Son Görülme | İtibaren Geçerli Fiyatlar | Koha Öğesi Türü |
|---|---|---|---|---|---|---|---|---|---|
| CHP Kütüphanesi | CHP Kütüphanesi | 11/08/2016 | Bağış | 338.9 B37y 1995 | 008461 | 11/08/2016 | 11/08/2016 | Books |
